000 00619nam a2200229Ia 4500
003 OSt
005 20220918201403.0
006 a|||||r|||| 00| 0
007 ta
008 220917b |||||||| |||| 00| 0 eng d
024 _a93,572
037 _cTextual
040 _aARTS
_cARTS
_beng
041 _2eng
_aeng
082 _aV1N390aY:438, L9
100 _aCooper Kanty
_998492
245 0 _aIpooted
_b agony and triumph among the debris of war
260 _aLondon
_bQuartef
_c1979
650 _aHISTORY
942 _hV1N390aY:438, L9
_cTEXL
_2CC
999 _c217214
_d217214